000 01395nam a2200337Ia 4500
001 ebr10694691
003 CaPaEBR
006 m u
007 cr cn|||||||||
008 100401s2010 deua sb 000 0 eng d
010 _z 2010013955
020 _z0872078302 (alk. paper)
020 _z9780872070608
020 _z9780872078307 (alk. paper)
040 _aCaPaEBR
_cCaPaEBR
035 _a(OCoLC)826659911
050 1 4 _aLB1631
_b.G615 2010eb
082 0 4 _a808/.0420712
_222
245 0 0 _aGoing bohemian
_h[electronic resource] :
_bhow to teach writing like you mean it /
_cLawrence Baines & Anthony Kunkel.
250 _a2nd ed.
260 _aNewark, DE :
_bInternational Reading Association,
_cc2010.
300 _avii, 214 p. :
_bill.
504 _aIncludes bibliographical references.
533 _aElectronic reproduction.
_bPalo Alto, Calif. :
_cebrary,
_d2013.
_nAvailable via World Wide Web.
_nAccess may be limited to ebrary affiliated libraries.
650 0 _aCreative writing (Secondary education)
_zUnited States.
650 0 _aEnglish language
_xComposition and exercises
_xStudy and teaching (Secondary)
_zUnited States.
655 7 _aElectronic books.
_2local
700 1 _aBaines, Lawrence.
700 1 _aKunkel, Anthony J.
856 4 0 _uhttp://site.ebrary.com/lib/rucke/Doc?id=10694691
_zAn electronic book accessible through the World Wide Web; click to view
999 _c8989
_d8989